000 00865nac a22002777a 4500
001 BR8206749
003 BR-BrBNA
005 20240105115549.0
008 230509b bl.|||m| |||| 00| 0 por d
040 _aBR-BrBNA
_bpor
_cBiblioteca Nacional de Agricultura
072 _aF00; P05
090 _a0230 BR8206749
110 1 _aInstituto do Acucar e do Alcool, Rio de Janeiro, RJ (Brasil)
_96311
245 1 _aRelatorio anual do IAA-1982 [Instituto do Acucar e do Alcool, Brasil]
260 3 _aRio de Janeiro, RJ (Brasil):
_c1982.
300 _a20 p.
490 _aRelatorio - Instituto do Acucar e do Alcool (Brazil)
_v
_x
650 _aCANA DE ACUCAR
650 _aACUCAR
650 _aALCOOL
650 _aEXPORTACAO
650 _aVARIEDADE
650 _aCUSTO DE PRODUCAO
909 _a202312
_bLúcia Elande
_c55
_dLúcia Elande
942 _2AGRIS
_n0
_cMS
999 _c275339
_d275339